| 000 | 00393pab a2200145 454500 | ||
|---|---|---|---|
| 008 | 180718b1999 xxu||||| |||| 00| 0 eng d | ||
| 100 | _aRajain, Arpit | ||
| 245 | _aPromoting cooperation through growth triangles and quadrangles in South Asia | ||
| 260 | _c1999 | ||
| 300 | _ap.63-74 | ||
| 362 | _aJan-Jun | ||
| 650 | _aregional cooperation | ||
| 773 | _aSouth Asian Survey | ||
| 909 | _a41730 | ||
| 999 |
_c41730 _d41730 |
||